Normal view
MARC view
- TAREEKH-PAKISTAN. TAREEKH INDIA
Entry Topical Term
001 - CONTROL NUMBER
- control field: 65369
003 - CONTROL NUMBER IDENTIFIER
- control field: NUST
005 - DATE AND TIME OF LATEST TRANSACTION
- control field: 20210628203426.0
008 - FIXED-LENGTH DATA ELEMENTS
- fixed length control field: 210628|| aca||aabn | a|a d
040 ## - CATALOGING SOURCE
- Original cataloging agency: NUST
- Transcribing agency: NUST
150 ## - HEADING--TOPICAL TERM
- Topical term or geographic name entry element: TAREEKH-PAKISTAN. TAREEKH INDIA
670 ## - SOURCE DATA FOUND
- Source citation: Work cat.: (NUST): Ahmed Shauja Pasha 65368, 72 din, 4th july 1947 to 14 aug 1947 tak, 2002
